Chevaux - Statistiques

Statistiques générales
  • Ce quiz a été pris 343 fois
  • Le résultat moyen est 6 sur 14
Statistiques - réponses
Par images Réponse % Correct
Shetland
81%
Percheron
71%
Appaloosa
68%
Camargue
67%
Pur-sang
56%
Haflinger
55%
Mustang
55%
Islandais
28%
Arabe
24%
Quarter Horse
17%
Pinto
10%
Cheval de Przewalski
8%
Tarpan
7%
Paso Fino
3%
Aucun quiz correspondant
Distribution des résultats
% des personnes avec chaque résultat
Percentile par nombre de réponses
Votre historique - résultats
Vous n’avez pas pris ce quiz